Beat coast east : an anthology of rebellion /

Bibliographic Details
Other Authors: Fisher, Stanley
Format: Book
Language:English
Published: New York : Excelsior Press : [1960]
Subjects:

MARC

Tag First Indicator Second Indicator Subfields
LEADER 00000cam a2200000 a 4500
001 in00000071951
005 20151008062457.0
008 740529s1960 nyua 00000 eng d
035 |a (OCoLC)00899475 
035 |9 AAK0304AM 
040 |c KSU  |d TXA  |d UtOrBLW 
049 |a TXAM  |c [1386962] 
090 |a PS536  |b .B43 
245 0 0 |a Beat coast east :  |b an anthology of rebellion /  |c edited by Stanley Fisher. 
264 1 |a New York :  |b Excelsior Press :  |c [1960] 
264 2 |a New York :  |b Distributed by Paper Book Industries, 
264 4 |c ©1960 
300 |a 96 pages :  |b illustrations ;  |c 21 cm. 
336 |a text  |b txt  |2 rdacontent 
337 |a unmediated  |b n  |2 rdamedia 
338 |a volume  |b nc  |2 rdacarrier 
500 |a "An Excelsior Press book." 
500 |a Prose and poetry. 
650 0 |a American literature  |y 20th century. 
650 0 |a Bohemianism. 
700 1 |a Fisher, Stanley. 
999 |a MARS 
999 f f |s 92002de8-2bfe-3661-951f-986bd443b5dc  |i 64be4940-2a65-3dd6-8759-ced013ffc78e  |t 0 
952 f f |p ric  |a Texas A&M University  |b Rellis Campus  |c Joint Library Facility  |d Remote Storage  |t 0  |e PS536 .B43  |h Library of Congress classification  |i unmediated -- volume  |m A14806189029 
998 f f |a PS536 .B43  |t 0  |l Remote Storage